| 000 -Cabecera |
| Campo de control interno |
nam a22 7a 4500 |
| 005 - Fecha y hora de la última transacción |
| Campo de control |
20250120141504.0 |
| 008 - Elementos de Longitud Fija - Información General |
| Elementos de Longitud Fija - Información General |
240808b2023 mx ||||| |||| 00| 0 spa d |
| 040 ## - Origen de la Catalogación |
| Origen de la Catalogación |
CIDAP |
| 082 ## - DEWEY DECIMAL CLASSIFICATION NUMBER |
| Classification number |
658.4 |
| 084 ## - Clasificación CIDAP |
| Número de clasificación |
BV00139 |
| 110 ## - Autor Corporativo |
| Autor Corporativo |
Dirección General de Bibliotecas |
| 9 (RLIN) |
12488 |
| 245 ## - Título |
| Título |
Mis vacaciones en la biblioteca |
| 260 ## - Editorial |
| Nombre de la Editorial |
Dirección General de Bibliotecas, |
| Fecha |
2023 |
| Ciudad |
México, |
| 300 ## - Descripción Física |
| Extensión (páginas) |
100 páginas |
| 500 ## - Nota General |
| Nota General |
Incluye proyectos, imágenes, libros y talleres en pdf. |
| 520 ## - Resumen |
| Resumen |
Guía de talleres de lectura y actividades culturales para trabajar con niños y jóvenes. |
| 650 ## - Temas - Descriptores |
| Temas - Descriptores |
GESTOR CULTURAL-CONCEPTOS |
| 9 (RLIN) |
12485 |
| 650 ## - Temas - Descriptores |
| Temas - Descriptores |
METODOLOGÍA DE GESTIÓN CULTURAL |
| 9 (RLIN) |
12486 |
| 650 ## - Temas - Descriptores |
| Temas - Descriptores |
TALLERES EDUCATIVOS-NIÑOS |
| 9 (RLIN) |
12489 |
| 650 ## - Temas - Descriptores |
| Temas - Descriptores |
INCENTIVO A LA LECTURA |
| 9 (RLIN) |
12490 |
| 856 ## - URL - Ubicación electrónica |
| URI/URL |
https://dgb.cultura.gob.mx/info_dgb.php?id=103 |
| 942 ## - Elementos de Koha |
| Esquema de Clasificación |
|
| Tipo de Documento |
Biblioteca Virtual |
| Catalogador |
NC |